| 000 | 00719nam a2200229Ia 4500 | ||
|---|---|---|---|
| 001 | 25464 | ||
| 005 | 20260428154015.0 | ||
| 008 | 260414t2016||||xx |||||||||||||| ||spa|| | ||
| 020 | _a9786123113179 | ||
| 041 | _aESP | ||
| 082 |
_a347.51 _bH94 |
||
| 100 |
_aHundskopf Exebio, Oswaldo _eAUT |
||
| 245 | 0 |
_aLa sociedad anónima : _bun enfoque teórico y aplicativo |
|
| 250 | _aPrimera edición | ||
| 260 |
_aLima : _bGaceta Jurídica, _c2016 |
||
| 300 |
_a406 páginas : _c25 cm. |
||
| 650 | _aCIS | ||
| 653 | _aDerecho comercial - Perú; Sociedades anónimas - Perú | ||
| 654 | _aCDE | ||
| 856 |
_uhttps://itmsp.museknowledge.com/UCSP?groupID=2 _zVéase además: Biblioteca Digital |
||
| 942 |
_cLIB _dJUS _fMAT _2ddc |
||
| 999 |
_c25464 _d25464 |
||